000
00288nam a22001337a 4500
008
181029b xxu||||| |||| 00| 0 eng d
020
_a
9971400367
041
_a
eng
080
_a
701
100
_a
45
101
_a
ART
245
_a
The Times Travel Library
_c
Mai, Ch
942
_2
udc
_c
BK
999
_c
50994
_d
50994